Ohrožená příroda biosféra-člověk-technosféra
Na minha lista:
| Autor principal: | |
|---|---|
| Outros Autores: | , |
| Formato: | Livro |
| Idioma: | tcheco |
| Publicado em: |
Praha
Horizont
1983
|
| Colecção: | Malá moderní encyklopedie
Sv. 9 |
| Tags: |
Sem tags, seja o primeiro a adicionar uma tag!
|
MARC
| LEADER | 00000nam a2200000 4500 | ||
|---|---|---|---|
| 001 | c133834 | ||
| 005 | 20221207070122.7 | ||
| 041 | 0 | |a cze | |
| 044 | |a CZ | ||
| 245 | 1 | 0 | |a Ohrožená příroda |b biosféra-člověk-technosféra |c Emil Hadač, Bedřich Moldan, Jaroslav Stoklasa |
| 264 | 1 | |a Praha |b Horizont |c 1983 | |
| 300 | |a 275 s. | ||
| 490 | 1 | |a Malá moderní encyklopedie |v Sv. 9 | |
| 830 | 0 | |a Malá moderní encyklopedie |v Sv. 9 | |
| 100 | 1 | |a Hadač, Emil | |
| 700 | 1 | |a Moldan, Bedřich | |
| 700 | 1 | |a Stoklasa, Jaroslav | |